Cyclisme sur route en 30 courtes vidéos - Statistiques

Statistiques générales
  • Ce quiz a été pris 278 fois
  • Le résultat moyen est 24 sur 30
Statistiques - réponses
Hint Réponse % Correct
Alaphilippe
94%
Evenepoel
94%
Pogacar
94%
Barguil
92%
Sagan
92%
Pinot
90%
Froome
89%
Vingegaard
89%
Mohoric
88%
Nibali
87%
Quintana
87%
Contador
86%
Madiot
86%
Van der Poël
86%
Van Aert
85%
Voeckler
85%
Dumoulin
83%
Pantani
83%
Majka
81%
Vauquelin
80%
Cavendish
78%
Merckx
78%
Boonen
77%
Vasseur
69%
Armstrong
68%
Hinault
66%
Fignon
62%
Périchon
49%
Cipollini
38%
Dierckxsens
32%
Aucun quiz correspondant
Distribution des résultats
% des personnes avec chaque résultat
Percentile par nombre de réponses
Votre historique - résultats
Vous n’avez pas pris ce quiz